000 00232nam a2200109Ia 4500
008 190216s9999||||xx |||||||||||||| ||und||
100 _aMadan K D P
245 0 _aSecretarial Practice
260 _bNull
300 _a458p
942 _cBK
999 _c3936
_d3936